LEADER 01268nam 2200421 450 001 9910467083603321 005 20200805100457.0 010 $a90-8722-511-3 035 $a(CKB)4100000008334475 035 $a(MiAaPQ)EBC6176419 035 $a(EXLCZ)994100000008334475 100 $a20200805d2019 uy 0 101 0 $aeng 135 $aurcnu|||||||| 181 $ctxt$2rdacontent 182 $cc$2rdamedia 183 $acr$2rdacarrier 200 12$aA proposition for a multilateral carbon tax treaty /$fTatiana Falca?o 210 1$aAmsterdam, The Netherlands :$cIBFD,$d2019. 215 $a1 online resource (509 pages) $cillustrations 225 1 $aIBFD doctoral series ;$v47 311 $a90-8722-510-5 320 $aIncludes bibliographical references (page 439-478). 410 0$aDoctoral series ;$v47. 606 $aDouble taxation$vTreaties 606 $aCarbon taxes 608 $aElectronic books. 615 0$aDouble taxation 615 0$aCarbon taxes. 676 $a344.04633 700 $aFalca?o$b Tatiana$0949499 801 0$bMiAaPQ 801 1$bMiAaPQ 801 2$bMiAaPQ 906 $aBOOK 912 $a9910467083603321 996 $aA proposition for a multilateral carbon tax treaty$92146146 997 $aUNINA LEADER 00852nam0 22003013i 450 001 996472471503316 005 20220830103737.0 010 $a978-88-07-90371-7 100 $a20200827d2020----||||0itac50 ba 101 $aita$ceng 102 $aIT 105 $a|||| |||a| 200 1 $a<> Primula rossa$fEmma Orczy$ga cura di Giancarlo Carlotti 210 1 $aMilano$cFeltrinelli$d2020 215 $a292 p.$d20 cm 225 2 $aUniversale economica$v371 410 0$aUniversale economica$v371 454 0 $a<> scarlet pimpernel 676 $a823.912 700 1$aORCZY,$bEmmuska$0439145 702 1$aCARLOTTI,$bGiancarlo 801 0$aIT$bcba$bcba$gREICAT 912 $a996472471503316 951 $aVII.3.A. 2569$b276678 L.M.$cVII.3.A.$d564912 959 $aBK 969 $aUMA 996 $aPrimula rossa$9289974 997 $aUNISA